000 01275nam a22002537a 4500
005 20170124102947.0
010 _aA-695576
020 _c130.00
_a8185720002
035 _aA-695576
037 _bCen Lib/Ret
040 _aDPL
_bHN
082 _a821
_bबर्फीले
245 _aबर्फीले हिरन :
_cसंपादक चंद्रप्रकाश प्रभाकर
_bबीसवी सदी की प्रतिनिधि बामी कविता-यात्रा /
246 _aBarfile hiran : beesvi sadi ki pratinidhi barma kavita-yatra /
_bsampadak Chandraprakash Prabhakar
260 _aनई दिल्ली
_bइरावदी पब्लिकेशन्स
_c1993
270 _bनई दिल्ली
_aसी-487, विकासपुरी
_e110018
300 _a251पृ.
_c21सेमी(सजिल्द)
650 _aहिंदी साहित्य
_950450
650 _aहिंदी साहित्य -- कविता
_950451
650 _aHindi literature
_950452
650 _aHindi literature -- Poetry
_950453
700 _aप्रभाकर, चंद्रप्रकाश
_942819
942 _2ddc
_cHN
_h821
_mबर्फीले
999 _c113065
_d113065